Gems from Tozer (Record no. 16616)
[ view plain ]
| 000 -LEADER | |
|---|---|
| fixed length control field | 00512nam a22002057a 4500 |
| 003 - CONTROL NUMBER IDENTIFIER | |
| control field | OSt |
| 005 - DATE AND TIME OF LATEST TRANSACTION | |
| control field | 20140310182830.0 |
| 008 - FIXED-LENGTH DATA ELEMENTS--GENERAL INFORMATION | |
| fixed length control field | 130603t xxu||||| |||| 00| 0 eng d |
| 020 ## - INTERNATIONAL STANDARD BOOK NUMBER | |
| International Standard Book Number | 0875091636 |
| 050 ## - LIBRARY OF CONGRESS CALL NUMBER | |
| Classification number | BX 1756 |
| Item number | .T757 1979 |
| 082 ## - DEWEY DECIMAL CLASSIFICATION NUMBER | |
| Classification number | M 252.099 |
| Item number | T66 1979 |
| 245 ## - TITLE STATEMENT | |
| Title | Gems from Tozer |
| Statement of responsibility, etc | Tozer, A.W. |
| 260 ## - PUBLICATION, DISTRIBUTION, ETC. (IMPRINT) | |
| Place of publication, distribution, etc | Pennsylvania |
| Name of publisher, distributor, etc | Christian Publications |
| Date of publication, distribution, etc | c1979 |
| 300 ## - PHYSICAL DESCRIPTION | |
| Extent | 96 p. |
| 521 ## - TARGET AUDIENCE NOTE | |
| Target audience note | |
| 526 ## - STUDY PROGRAM INFORMATION NOTE | |
| Reading level | 1210L-1700L |
| 541 ## - IMMEDIATE SOURCE OF ACQUISITION NOTE | |
| -- | 1 |
| 562 ## - COPY AND VERSION IDENTIFICATION NOTE | |
| Number of copies | 1 |
| 942 ## - ADDED ENTRY ELEMENTS (KOHA) | |
| Source of classification or shelving scheme | Library of Congress Classification |
| Koha item type | Books |
| Call number prefix | |
| Withdrawn status | Lost status | Source of classification or shelving scheme | Damaged status | Home library | Current library | Shelving location | Date acquired | Source of acquisition | Total Checkouts | Full call number | Barcode | Date last seen | Copy number | Price effective from | Koha item type |
|---|---|---|---|---|---|---|---|---|---|---|---|---|---|---|---|
| Library of Congress Classification | Archives | Archives | 06/03/2013 | Donation | BX 1756 .T757 1979 | C1570 | 05/15/2018 | 1 | 06/03/2013 | Books |